| 000 | 00825nam a22003135a 4500 | ||
|---|---|---|---|
| 001 | 15845603 | ||
| 003 | OSt | ||
| 005 | 20140310181952.0 | ||
| 008 | 090731s2009 vau 000 0 eng | ||
| 010 | _a 2009933936 | ||
| 020 | _a9781603460842 | ||
| 040 |
_aDLC _cDLC |
||
| 050 |
_aPZ 7 _b.D548 1979 |
||
| 082 |
_aKF Il6d _b1979 |
||
| 100 | 1 |
_aDickens, Charles. _93381 |
|
| 245 | 1 | 0 |
_aOliver twist / _cCharles Dickens. |
| 260 |
_aNew York : _b Waldman & Son, _cc1979. |
||
| 263 | _a0909 | ||
| 300 |
_a238 p.: _bill. ; _c14 cm. |
||
| 490 | 0 | _aMacaw young classics- oliver twist | |
| 521 | _aFaculty. | ||
| 541 | _j1 | ||
| 541 | _j2 | ||
| 562 | _e2 | ||
| 600 |
_aTwist, Oliver _94349 |
||
| 906 |
_a0 _bibc _corignew _d2 _eepcn _f20 _gy-gencatlg |
||
| 942 |
_2lcc _cBK-KF _kKF |
||
| 999 |
_c7876 _d7876 |
||